| 000 | 00886cam a2200289 a 4500 | ||
|---|---|---|---|
| 001 | 15251583 | ||
| 003 | OSt | ||
| 005 | 20230602110043.0 | ||
| 008 | 080408s2007 ke a b 000 0 eng | ||
| 010 | _a 2008349323 | ||
| 020 | _z9966447135 | ||
| 040 |
_aDLC _cDLC |
||
| 042 | _alcode | ||
| 043 | _af------ | ||
| 082 |
_a330.900 _bOCH |
||
| 100 | 1 |
_aOchola, Samuel Agonda, _d1941- |
|
| 245 | 1 | 0 |
_aLeadership and economic crisis in Africa / _cby Samuel Agonda-Ochola. |
| 260 |
_aNairobi : _bKenya Literature Bureau, _c2007. |
||
| 300 |
_axv, 448 p. : _bill. ; _c21 cm. |
||
| 504 | _aIncludes bibliographical references. | ||
| 650 | 0 |
_aLeadership _zAfrica. |
|
| 650 | 0 |
_aFinancial crises _zAfrica. |
|
| 651 | 0 |
_aAfrica _xEconomic policy. |
|
| 906 |
_a7 _bcbc _corigode _d3 _encip _f20 _gy-gencatlg |
||
| 942 |
_2ddc _cBK |
||
| 999 |
_c77 _d77 |
||